000 01337nam a2200265 a 4500
001 BRCA_1011
005 20190320203236.0
008 031105s1998----mx-a---###---#000-0#spa-d
041 _aspa
044 _amx
050 4 _aNC1807.M4
_b.B54 5
_c1998
245 1 0 _a5 [i.e. Quinta] Bienal Internacional del Cartel en México = Fifth Internacional Biennial of the Poster in Mexico = Cinquième Biennale Internationale de L´Affiche au Mexique
_cdiseño gráfico del catálogo Xavier Bermúdez Bañuelos y Eduardo Barrera Alambarri ; traducción Luli Cadet.
260 _aMéxico
_bLozano Fideicomiso para la cultura México/USA : Trama Visual AC : UAM : Universidad Veracruzana
_c1998
300 _a201 p.
_bil. a color
_c28 cm.
_ePrograma de actividades
500 _aCatálogo de la exposición realizada en el Museo Franz Mayer (Ciudad de México), 23 octubre, 1998
546 _aTexto en : español, inglés y francés
650 1 4 _aCarteles
_vConcursos
_xDiseño
_zMéxico
_93327
650 1 4 _aDiseñadores gráficos
_vExposiciones
_zMéxico
_93328
700 1 _aBermúdez Bañuelos, Xavier
_93329
700 1 _aBarrera Alambarri, Eduardo
_93330
700 1 _aCadet, Luli
_93331
740 0 _aFifth Internacional Biennial of the Poster in Mexico
740 0 _aCinquième Biennale Internationale de L´Affiche au Mexique
942 _2lcc
_cB
999 _c892
_d892